De este mundo y los otros (Record no. 179765)

MARC details
000 -LEADER
campo de control de longitud fija 01089nam a2200289 i 4500
001 - NÚMERO DE CONTROL
campo de control 179765
003 - IDENTIFICADOR DE NÚMERO DE CONTROL
campo de control ES-MaACL
005 - FECHA Y HORA DE LA ÚLTIMA TRANSACCIÓN
campo de control 20251010145343.0
008 - DATOS DE LONGITUD FIJA--INFORMACIÓN GENERAL
campo de control de longitud fija 120119s2011 sp |||| |bspa d
020 ## - NÚMERO INTERNACIONAL ESTÁNDAR DEL LIBRO
Número Internacional Estándar del Libro 978-84-9895-131-8
080 ## - NÚMERO DE LA CLASIFICACIÓN DECIMAL UNIVERSAL
Número de la Clasificación Decimal Universal 929 Ayala, Francisco
080 ## - NÚMERO DE LA CLASIFICACIÓN DECIMAL UNIVERSAL
Número de la Clasificación Decimal Universal 821.134.2 Ayala, Francisco 1.07
245 00 - MENCIÓN DEL TÍTULO
Título De este mundo y los otros
Resto del título : estudios sobre Francisco Ayala /
Mención de responsabilidad, etc. Luis García Montero y Milena Rodríguez Gutiérrez (editores).
246 30 - FORMA VARIANTE DEL TITULO
Título propio/Titulo breve Estudios sobre Francisco Ayala.
Fecha o designación secuencial 2011
260 ## - PUBLICACIÓN, DISTRIBUCIÓN, ETC.
Lugar de publicación, distribución, etc. Madrid :
Nombre del editor, distribuidor, etc. Visor Libros,
Fecha de publicación, distribución, etc. [2011]
300 ## - DESCRIPCIÓN FÍSICA
Extensión 355 p. ;
Dimensiones 21 cm.
490 1# - MENCIÓN DE SERIE
Mención de serie Biblioteca filológica hispana ;
Designación de volumen o secuencia 131
504 ## - NOTA DE BIBLIOGRAFÍA, ETC.
Nota de bibliografía, etc. Referencias bibliográficas.
600 14 - PUNTO DE ACCESO ADICIONAL DE MATERIA--NOMBRE DE PERSONA
Nombre de persona Ayala, Francisco,
Fechas asociadas al nombre 1906-2009
9 (RLIN) 24111
700 1# - ENTRADA AGREGADA--NOMBRE PERSONAL
Nombre de persona García Montero, Luis,
Fechas asociadas al nombre 1958-
9 (RLIN) 54978
700 1# - ENTRADA AGREGADA--NOMBRE PERSONAL
Nombre de persona Rodríguez, Milena,
Fechas asociadas al nombre 1971-
9 (RLIN) 149134
830 0# - PUNTO DE ACCESO ADICIONAL DE SERIE-TÍTULO UNIFORME
Título uniforme Biblioteca filológica hispana ;
Designación de volumen o secuencia 131
9 (RLIN) 179654
852 ## - LOCALIZACIÓN
Ubicación ES-MaACL
itemnumber 186665
Sublocalización o colección R.148328
Número de control de estantería A-11908
Signatura antigua Olim: N-4913
Ubicación en estantería Depósito 1
942 ## - ELEMENTOS DE ENTRADA SECUNDARIOS (KOHA)
Fuente del sistema de clasificación o colocación Clasificación decimal universal
Tipo de ítem Koha Libro impreso
Holdings
Estatus retirado Estado de pérdida Fuente del sistema de clasificación o colocación Estado de daño No para préstamo Biblioteca de origen Biblioteca actual Ubicación en estantería Fecha de adquisición Fuente de adquisición Total de préstamos Signatura topográfica completa Código de barras Visto por última vez Precio de reemplazo Tipo de ítem Koha
    Clasificación decimal universal     Biblioteca del Ateneo de Madrid Biblioteca del Ateneo de Madrid Depósito 1 19/01/2012 Compra   A-11908 1188851 23/02/2023 23/02/2023 Libro impreso